00842nam a2200253 a 450000100100000000500170001000800410002702000150006804000130008308200200009610000270011624500510014326000360019430000210023044000210025150000210027250000390029350400480033265000350038065000320041504900090044795201170045699900150057300000181020200929145718.0090629s1999 sp 001 0 spa d a8479545054 aDO-SdBNP a291.1303bC371d1 aYarza, F. Caudet9588010aDiccionario de mitología /cF. Caudet Yarza. aMadrid :bEdimat Libros,c1999. a184 p. ;c16 cm. 0aVariopinto95881 aIncluye índice aIncluye historia de la mitología aIncluye datos bibliográficos (p. 183-184) 4aMitologíaxDiccionario95882 4aMitologíaxHistoria95883 aBNPD 001050718MOaGRbGRcCTd2009-06-29iLF1l0o291.1303 C371dp1810-10r2020-06-25w2020-06-25y1ZNo se presta c1687d1687